书目信息 |
| 题名: |
女人的生命之旅
|
|
| 作者: | 王冰毓 , 王〓〓 编著 | |
| 分册: | ||
| 出版信息: | 北京 中国人口出版社 2005.05 |
|
| 页数: | 253页 | |
| 开本: | 23cm | |
| 丛书名: | ||
| 单 册: | ||
| 中图分类: | R173 | |
| 科图分类: | ||
| 主题词: | 女性--nu xing--保健--基本知识 | |
| 电子资源: | ||
| ISBN: | 7-80202-142-1 | |
| 000 | 01047nam0 2200277 450 | |
| 001 | 012008773625 | |
| 005 | 20080422172959.70 | |
| 010 | @a7-80202-142-1@dCNY29.80 | |
| 100 | @a20080422d2005 km y0chiy0120 ea | |
| 101 | 0 | @achi |
| 102 | @aCN@b110000 | |
| 105 | @aa z 000yy | |
| 106 | @ar | |
| 200 | 1 | @a女人的生命之旅@Anu ren de sheng ming zhi lu@e全方位解读女人对自身的困惑@f王冰毓, 王〓〓编著@Fwang bing yu,wang〓〓bian zhu |
| 210 | @a北京@c中国人口出版社@d2005.05 | |
| 215 | @a253页@c图@d23cm | |
| 300 | @a女人自己的参考书。 | |
| 300 | @a〓=[王莹](ying) | |
| 330 | @a本书以小女孩的诞生、幼年时期的女孩、青春期的女孩、成熟的女人、做个准妈妈、绝经期的女人、夕阳中的女人、女性疾病等九章内容阐述了女人的生命之旅和保健知识。 | |
| 517 | 1 | @a全方位解读女人对自身的困惑@Aquan fang wei jie du nu ren dui zi shen de kun huo |
| 606 | 0 | @a女性@Anu xing@x保健@x基本知识 |
| 690 | @aR173@v4 | |
| 701 | 0 | @a王冰毓@Awang bing yu@4编著 |
| 701 | 0 | @a王〓〓@Awang〓〓@4编著 |
| 801 | 0 | @aCN@bQSSK@c20080422 |
| 905 | @b20700665-67@dR173@eW118@f3 | |
| 女人的生命之旅:全方位解读女人对自身的困惑/王冰毓, 王〓〓编著.-北京:中国人口出版社,2005.05 |
| 253页:图;23cm |
| 女人自己的参考书。.-〓=[王莹](ying) |
| ISBN 7-80202-142-1:CNY29.80 |
| 本书以小女孩的诞生、幼年时期的女孩、青春期的女孩、成熟的女人、做个准妈妈、绝经期的女人、夕阳中的女人、女性疾病等九章内容阐述了女人的生命之旅和保健知识。 |
| ● |
| 相关链接 |
|
|
|
正题名:女人的生命之旅
索取号:R173/W118
 
预约/预借
| 序号 | 登录号 | 条形码 | 馆藏地/架位号 | 状态 | 备注 |
| 1 | 700665 | 207006657 | 期刊室512/401自科库 7排4列2层/ [索取号:R173/W118] | 在馆 | |
| 2 | 700666 | 207006666 | 自科库401/401自科库 7排4列2层/ [索取号:R173/W118] | 在馆 | |
| 3 | 700667 | 207006675 | 自科库401/401自科库 7排4列2层/ [索取号:R173/W118] | 在馆 |